Housing risk to euro membership (Record no. 66427)

MARC details
000 -LEADER
fixed length control field 01144cam a2200229 4500
001 - CONTROL NUMBER
control field ABS63705
008 - FIXED-LENGTH DATA ELEMENTS--GENERAL INFORMATION
fixed length control field 000000n2001 000 0 eng u
035 ## - SYSTEM CONTROL NUMBER
System control number (Sirsi) u111482
100 ## - MAIN ENTRY--PERSONAL NAME
Personal name Stewart, J.
245 ## - TITLE STATEMENT
Title Housing risk to euro membership
260 ## - PUBLICATION, DISTRIBUTION, ETC.
Date of publication, distribution, etc. 2001
490 ## - SERIES STATEMENT
Series statement HouseBuilder
Volume/sequential designation March 2001, 8-9(2)
520 ## - SUMMARY, ETC.
Summary, etc. Considers what euro membership would mean for Britain's housebuilders. Looks at the potential effect of Britain's loss of control over interest rates. Warns that the risks to economic stability from the worsening gap between housing need and supply should be a key concern in the euro membership debate. Stresses there is a need to focus on, and consider, the long term issues, like housing supply. Stewart's analysis of economic and housing market trends is published monthly in Housing Market Report. For subscription enquiries tel: 0151 357 7707.
590 ## - LOCAL NOTE (RLIN)
Local note ABS
650 ## - SUBJECT ADDED ENTRY--TOPICAL TERM
Topical term or geographic name entry element EUROPEAN MONETARY UNION
650 ## - SUBJECT ADDED ENTRY--TOPICAL TERM
Topical term or geographic name entry element HOUSE BUILDERS
650 ## - SUBJECT ADDED ENTRY--TOPICAL TERM
Topical term or geographic name entry element UNITED KINGDOM
650 ## - SUBJECT ADDED ENTRY--TOPICAL TERM
Topical term or geographic name entry element EUROPE
650 ## - SUBJECT ADDED ENTRY--TOPICAL TERM
Topical term or geographic name entry element IMPLICATIONS
690 ## - LOCAL SUBJECT ADDED ENTRY--TOPICAL TERM (OCLC, RLIN)
Topical term or geographic name as entry element PROPERTY-RESIDENTIAL PROPERTY-RESIDENTIAL PROPERTY MARKET
942 ## - ADDED ENTRY ELEMENTS (KOHA)
Suppress in OPAC 0
Holdings
Withdrawn status Lost status Source of classification or shelving scheme Damaged status Not for loan Home library Current library Shelving location Date acquired Total Checkouts Full call number Barcode Date last seen Copy number Price effective from Koha item type
    Dewey Decimal Classification     London London Journal article 19/03/2001   ABS63705 111482-1001 06/08/2019 1 06/08/2019 Journal article